New kingdom pharaonic sites : the pottery /

محفوظ في:

المؤلف الرئيسي: Holthoer, Rostislav.

التنسيق: كتاب

اللغة: English

منشور في: Copenhagen : Stockholm, Sweden : Munksgaard ; Distributed by Esselte Studium, c1977-

سلاسل: The Scandinavian Joint Expedition to Sudanese Nubia ; 5/1.

الموضوعات:

الوسوم: إضافة وسم

لا توجد وسوم, كن أول من يضع وسما على هذه التسجيلة!

رقم الطلب: ( F )DT135 .N8 S35 v.5/1

LEADER 01006nam a2200301 a 4500
001 81169653
003 OSt
005 20240215123934.0
008 820511m19779999dk a b 000 0 eng
999 |c 56818  |d 56818 
020 |a 9150601318 (v. 1) 
040 |c ARCE Library 
043 |a f-sj---  |a f-ua--- 
050 4 |a ( F )DT135 .N8 S35 v.5/1 
100 1 |a Holthoer, Rostislav. 
245 1 0 |a New kingdom pharaonic sites :   |b the pottery /   |c by Rostislav Holthoer with a contribution by Hans-Åke Nordström. 
260 |a Copenhagen :  |b Munksgaard ;  |a Stockholm, Sweden :  |b Distributed by Esselte Studium,  |c c1977- 
300 |a v. <1> :   |b ill. ;   |c 31 cm. 
490 0 |a The Scandinavian Joint Expedition to Sudanese Nubia ;   |v 5/1. 
500 |a Errata slip inserted. 
504 |a Bibliography: v. 1, p. 183-190. 
650 0 |a Egyptians. 
650 0 |a Pottery  |z Nubia. 
650 0 |a Pottery  |z Sudan. 
651 0 |a Nubia  |x Antiquities. 
651 0 |a Sudan  |x Antiquities. 
901 |a reviewed 
942 |2 lcc  |c BK